[Event "VI Sunway Sitges Open 2019"]
[Site "Sitges"]
[Date "2019.12.14"]
[Round "2.52"]
[White "Isaksson, Philip"]
[Black "Parals Marce, Luis"]
[Result "0-1"]
[WhiteElo "1638"]
[BlackElo "2063"]
[Annotator "NA"]
[PlyCount "102"]
[EventDate "2019.12.13"]
[EventType "swiss"]
[EventCountry "ESP"]
[SourceTitle "playchess.com"]
[Source "ChessBase"]
[SourceQuality "1"]
[TimeControl "40/5400+30:1800+30"]

1. e4 {[%emt 0:01:00]} d6 {[%emt 0:00:00]} 2. d4 {[%emt 0:00:05]} Nf6 {[%emt 0:00:06]} 3. Nc3 {[%emt 0:00:07]} e5 {[%emt 0:00:17]} 4. dxe5 {[%emt 0:01:14]} dxe5 {[%emt 0:00:14]} 5. Qxd8+ {[%emt 0:00:13]} Kxd8 {[%emt 0:00:08]} 6. Bg5 {[%emt 0:00:23]} Bd6 {[%emt 0:05:30]} 7. O-O-O {[%emt 0:03:38]} a6 {[%emt 0:05:13]} 8. Bc4 {[%emt 0:02:07]} Be6 {[%emt 0:02:02]} 9. Bxe6 {[%emt 0:03:17]} fxe6 {[%emt 0:00:07]} 10. f4 {[%emt 0:02:44]} Nc6 {[%emt 0:03:36]} 11. Nf3 {[%emt 0:01:02]} Ke7 {[%emt 0:02:36]} 12. f5 {[%emt 0:04:00]} Bb4 {[%emt 0:07:02]} 13. Rhe1 {[%emt 0:09:48]} Rad8 {[%emt 0:06:10]} 14. a3 {[%emt 0:03:46]} Bxc3 {[%emt 0:00:24]} 15. bxc3 {[%emt 0:00:07]} Rxd1+ {[%emt 0:00:28]} 16. Rxd1 {[%emt 0:02:16]} Rd8 {[%emt 0:07:36]} 17. Rxd8 {[%emt 0:03:35]} Kxd8 {[%emt 0:00:11]} 18. Kd2 {[%emt 0:08:44]} Kd7 {[%emt 0:00:35]} 19. Bxf6 {[%emt 0:00:36]} gxf6 {[%emt 0:00:08]} 20. Ke3 {[%emt 0:00:43]} Na5 {[%emt 0:06:45]} 21. Nd2 {[%emt 0:00:25]} b5 {[%emt 0:01:34]} 22. Kd3 {[%emt 0:03:31]} Nb7 {[%emt 0:11:11]} 23. c4 {[%emt 0:08:25]} Nc5+ {[%emt 0:02:17]} 24. Ke3 {[%emt 0:00:55]} Kd6 {[%emt 0:10:03]} 25. g4 {[%emt 0:03:01]} exf5 {[%emt 0:01:35]} 26. gxf5 {[%emt 0:01:22]} Kc6 {[%emt 0:04:28]} 27. cxb5+ {[%emt 0:09:56]} Kxb5 {[%emt 0:00:34]} 28. Nb3 {[%emt 0:00:59]} Nb7 {[%emt 0:01:27]} 29. Kd3 {[%emt 0:10:42]} Nd6 {[%emt 0:04:07]} 30. c3 {[%emt 0:02:44]} c6 {[%emt 0:04:04]} 31. h3 {[%emt 0:02:08]} h6 {[%emt 0:00:15]} 32. Na1 {[%emt 0:02:32]} Ka4 {[%emt 0:01:02]} 33. Nc2 {[%emt 0:00:15]} a5 {[%emt 0:01:22]} 34. Ne3 {[%emt 0:02:50]} Kxa3 {[%emt 0:00:59]} 35. Ng4 {[%emt 0:00:11]} Kb2 {[%emt 0:00:35]} 36. Nxf6 {[%emt 0:00:22]} a4 {[%emt 0:00:10]} 37. Nd7 {[%emt 0:00:36]} a3 {[%emt 0:00:24]} 38. Nxe5 {[%emt 0:00:07]} a2 {[%emt 0:00:11]} 39. Nc4+ {[%emt 0:00:32]} Nxc4 {[%emt 0:00:26]} 40. Kxc4 {[%emt 0:00:00]} a1=Q {[%emt 0:00:00]} 41. Kd4 {[%emt 0:00:10]} Qg1+ {[%emt 0:01:04]} 42. Ke5 {[%emt 0:00:03]} Kxc3 {[%emt 0:00:19]} 43. f6 {[%emt 0:00:28]} Qd4+ {[%emt 0:00:58]} 44. Kf5 {[%emt 0:00:20]} Qf2+ {[%emt 0:01:07]} 45. Ke6 {[%emt 0:00:15]} Kd4 {[%emt 0:00:14]} 46. e5 {[%emt 0:00:17]} c5 {[%emt 0:00:31]} 47. Ke7 {[%emt 0:00:31]} Kxe5 {[%emt 0:00:15]} 48. f7 {[%emt 0:00:02]} Qf6+ {[%emt 0:00:34]} 49. Ke8 {[%emt 0:00:15]} Qe6+ {[%emt 0:00:26]} 50. Kf8 {[%emt 0:00:01]} Kf6 {[%emt 0:00:39]} 51. Kg8 {[%emt 0:00:08]} Qxf7+ {[%emt 0:00:13]} 0-1

[Event "VI Sunway Sitges Open 2019"]
[Site "Sitges"]
[Date "2019.12.14"]
[Round "2.53"]
[White "Mohamed Anees M"]
[Black "Varsha Ramesh"]
[Result "1-0"]
[WhiteElo "2056"]
[BlackElo "1669"]
[Annotator "NA"]
[PlyCount "133"]
[EventDate "2019.12.13"]
[EventType "swiss"]
[EventCountry "ESP"]
[SourceTitle "playchess.com"]
[Source "ChessBase"]
[SourceQuality "1"]
[TimeControl "40/5400+30:1800+30"]

1. d4 {[%emt 0:17:30]} Nf6 {[%emt 0:00:22]} 2. c4 {[%emt 0:00:06]} e6 {[%emt 0:00:07]} 3. Nf3 {[%emt 0:00:20]} Bb4+ {[%emt 0:00:11]} 4. Bd2 {[%emt 0:00:15]} a5 {[%emt 0:00:16]} 5. g3 {[%emt 0:00:14]} d6 {[%emt 0:00:10]} 6. Bg2 {[%emt 0:00:15]} Nbd7 {[%emt 0:00:24]} 7. O-O {[%emt 0:00:56]} Bxd2 {[%emt 0:00:20]} 8. Qxd2 {[%emt 0:00:11]} O-O {[%emt 0:00:18]} 9. Nc3 {[%emt 0:01:31]} Qe7 {[%emt 0:01:59]} 10. Rac1 {[%emt 0:06:48]} e5 {[%emt 0:06:15]} 11. Rfd1 {[%emt 0:12:03]} c6 {[%emt 0:16:22]} 12. dxe5 {[%emt 0:06:33]} dxe5 {[%emt 0:00:05]} 13. Na4 {[%emt 0:06:05]} Qb4 {[%emt 0:13:33]} 14. Qc2 {[%emt 0:06:28]} Nc5 {[%emt 0:02:09]} 15. Nxc5 {[%emt 0:10:55]} Qxc5 {[%emt 0:00:03]} 16. Ne1 {[%emt 0:01:30]} Qe7 {[%emt 0:05:33]} 17. Qc3 {[%emt 0:03:56]} Bf5 {[%emt 0:02:51]} 18. Nf3 {[%emt 0:03:22]} Rfe8 {[%emt 0:02:04]} 19. Nh4 {[%emt 0:13:21]} Bg6 {[%emt 0:06:07]} 20. Nxg6 {[%emt 0:01:09]} hxg6 {[%emt 0:00:03]} 21. c5 {[%emt 0:00:58]} e4 {[%emt 0:04:18]} 22. Rd4 {[%emt 0:05:52]} Nd5 {[%emt 0:03:46]} 23. Qc4 {[%emt 0:00:39]} Nf6 {[%emt 0:05:18]} 24. Rcd1 {[%emt 0:01:50]} Qe5 {[%emt 0:04:02]} 25. e3 {[%emt 0:05:09]} Qf5 {[%emt 0:01:42]} 26. Qc2 {[%emt 0:00:46]} Qh5 {[%emt 0:05:05]} 27. R1d2 {[%emt 0:02:33]} Qf5 {[%emt 0:01:23]} 28. h3 {[%emt 0:01:03]} g5 {[%emt 0:02:05]} 29. g4 {[%emt 0:00:12]} Qe5 {[%emt 0:00:44]} 30. Ra4 {[%emt 0:01:11]} Qc7 {[%emt 0:09:25]} 31. Bxe4 {[%emt 0:02:27]} Nxe4 {[%emt 0:01:25]} 32. Rxe4 {[%emt 0:00:05]} Rxe4 {[%emt 0:00:22]} 33. Qxe4 {[%emt 0:00:04]} Rd8 {[%emt 0:00:13]} 34. Rc2 {[%emt 0:01:25]} Rd1+ {[%emt 0:02:35]} 35. Kg2 {[%emt 0:00:06]} Qd8 {[%emt 0:00:57]} 36. Rc4 {[%emt 0:02:34]} Rd2 {[%emt 0:02:25]} 37. Rd4 {[%emt 0:03:22]} Rxd4 {[%emt 0:00:02]} 38. Qxd4 {[%emt 0:00:06]} Qe7 {[%emt 0:00:35]} 39. Kg1 {[%emt 0:00:12]} Kh7 {[%emt 0:03:15]} 40. Qc3 {[%emt 0:00:54]} Qe4 {[%emt 0:00:53]} 41. a3 {[%emt 0:05:25]} Qb1+ {[%emt 0:11:39]} 42. Kh2 {[%emt 0:00:19]} Qe4 {[%emt 0:00:54]} 43. Qxa5 {[%emt 0:05:55]} Qe5+ {[%emt 0:00:33]} 44. Kg1 {[%emt 0:00:07]} Qxb2 {[%emt 0:00:12]} 45. Qb4 {[%emt 0:00:24]} Qc1+ {[%emt 0:04:31]} 46. Kg2 {[%emt 0:01:03]} Qc2 {[%emt 0:03:42]} 47. Qxb7 {[%emt 0:01:17]} Qe4+ {[%emt 0:00:51]} 48. Kg1 {[%emt 0:00:18]} Qd5 {[%emt 0:00:55]} 49. Qb1+ {[%emt 0:00:40]} g6 {[%emt 0:00:02]} 50. Qc2 {[%emt 0:00:35]} f5 {[%emt 0:02:09]} 51. gxf5 {[%emt 0:03:34]} gxf5 {[%emt 0:00:03]} 52. a4 {[%emt 0:00:27]} Qf3 {[%emt 0:00:42]} 53. Qc4 {[%emt 0:00:07]} Kg7 {[%emt 0:02:21]} 54. Qd4+ {[%emt 0:00:23]} Kf7 {[%emt 0:01:30]} 55. Qd7+ {[%emt 0:01:02]} Kg6 {[%emt 0:01:59]} 56. a5 {[%emt 0:00:34]} g4 {[%emt 0:01:14]} 57. Qd6+ {[%emt 0:00:20]} Kf7 {[%emt 0:00:37]} 58. Qf4 {[%emt 0:01:12]} Qd1+ {[%emt 0:01:11]} 59. Kh2 {[%emt 0:00:06]} gxh3 {[%emt 0:00:10]} 60. Qxf5+ {[%emt 0:00:15]} Ke7 {[%emt 0:00:03]} 61. Qe5+ {[%emt 0:01:02]} Kf7 {[%emt 0:00:10]} 62. Qc7+ {[%emt 0:00:24]} Kg8 {[%emt 0:00:39]} 63. a6 {[%emt 0:00:28]} Qf1 {[%emt 0:00:08]} 64. Qg3+ {[%emt 0:00:16]} Kf7 {[%emt 0:00:04]} 65. a7 {[%emt 0:00:30]} Qa1 {[%emt 0:00:35]} 66. Qc7+ {[%emt 0:00:05]} Kf6 {[%emt 0:00:32]} 67. Qxc6+ {[%emt 0:00:33]} 1-0

[Event "VI Sunway Sitges Open 2019"]
[Site "Sitges"]
[Date "2019.12.14"]
[Round "2.54"]
[White "Menac Comas, Joan Ramon"]
[Black "Franzoni Ladron de Guevara, Enric"]
[Result "1-0"]
[WhiteElo "1997"]
[BlackElo "1798"]
[Annotator "NA"]
[PlyCount "49"]
[EventDate "2019.12.13"]
[EventType "swiss"]
[EventCountry "ESP"]
[SourceTitle "playchess.com"]
[Source "ChessBase"]
[SourceQuality "1"]
[TimeControl "40/5400+30:1800+30"]

1. Nf3 {[%emt 0:00:00]} Nf6 {[%emt 0:01:04]} 2. g3 g6 {[%emt 0:00:30]} 3. b3 {[%emt 0:00:11]} Bg7 {[%emt 0:01:00]} 4. Bb2 {[%emt 0:01:45]} c5 {[%emt 0:02:19]} 5. c4 {[%emt 0:00:00]} Nc6 {[%emt 0:00:30]} 6. Bg2 {[%emt 0:00:39]} d6 {[%emt 0:03:36]} 7. O-O {[%emt 0:09:18]} O-O {[%emt 0:00:00]} 8. d4 {[%emt 0:00:30]} cxd4 {[%emt 0:00:00]} 9. Nxd4 {[%emt 0:00:30]} Bd7 {[%emt 0:09:52]} 10. Nc3 {[%emt 0:13:47]} Re8 {[%emt 0:08:15]} 11. Rc1 Nxd4 {[%emt 0:00:00]} 12. Qxd4 {[%emt 0:01:00]} Bc6 {[%emt 0:00:55]} 13. Nd5 {[%emt 0:02:54]} Qd7 {[%emt 0:19:37]} 14. a4 {[%emt 0:25:25]} b6 15. Qh4 {[%emt 0:02:27]} Nxd5 {[%emt 0:05:51]} 16. Bxg7 {[%emt 0:00:30]} Kxg7 {[%emt 0:05:49]} 17. cxd5 {[%emt 0:00:43]} Bb7 {[%emt 0:00:00]} 18. Bh3 {[%emt 0:03:37]} e6 19. Rfd1 {[%emt 0:09:42]} Rad8 {[%emt 0:00:00]} 20. dxe6 {[%emt 0:00:30]} fxe6 {[%emt 0:00:00]} 21. a5 {[%emt 0:05:17]} bxa5 {[%emt 0:00:00]} 22. Qd4+ {[%emt 0:00:00]} Kg8 23. Qxa7 {[%emt 0:01:40]} Ra8 {[%emt 0:09:44]} 24. Qd4 {[%emt 0:01:56]} Rad8 25. Qb6 1-0

[Event "VI Sunway Sitges Open 2019"]
[Site "Sitges"]
[Date "2019.12.15"]
[Round "3.1"]
[White "Sindarov, Javokhir"]
[Black "Korobov, Anton"]
[Result "0-1"]
[WhiteElo "2526"]
[BlackElo "2668"]
[Annotator "TA"]
[PlyCount "162"]
[EventDate "2019.12.13"]
[EventType "swiss"]
[EventCountry "ESP"]
[SourceTitle "playchess.com"]
[Source "ChessBase"]
[SourceQuality "1"]

{[%evp 20,162,0,0,0,0,0,0,0,0,63,48,56,44,35,16,0,0,15,15,30,0,10,0,0,0,0,-19,-19,-17,0,0,0,0,0,-35,-27,-30,-27,-34,-27,-31,-29,-40,-42,-49,-28,-54,-39,-75,-47,-54,-54,-54,-54,-55,-55,-58,-59,-73,-73,-72,-80,-96,-90,-91,-97,-92,-88,-96,-79,-96,-83,-91,-96,-90,-97,-97,-97,-102,-83,-100,-97,-103,-97,-122,-130,-174,-76,-103,-103,-103,-103,-103,-103,-103,-96,-103,-101,-103,-103,-103,-94,-103,-103,-131,-106,-191,-191,-212,-212,-251,-245,-251,-204,-251,-251,-291,-286,-282,-285,-282,-239,-301,-301,-298,-293,-287,-285,-282,-272,-331,-299,-29984,-29985,-29989,-29990,-29990,-29991,-29992,-29993,-29993,-29994,-29994,-592]} 1. e4 c5 2. Nf3 d6 3. d4 cxd4 4. Nxd4 Nf6 5. Nc3 a6 6. a3 Nc6 7. Bc4 e6 8. O-O Be7 9. Ba2 O-O 10. Be3 Nxd4 11. Bxd4 b5 {B88: Sicilian: Sozin Attack} 12. Qd3 Bb7 13. f4 Rc8 {The position is equal.} 14. Rae1 g6 $146 (14... Qc7 $11) ({Predecessor:} 14... Qc7 15. Kh1 Qb8 16. Qg3 Qa8 17. Re3 Rfd8 18. Rfe1 Nh5 19. Qg4 Nf6 20. Qh3 Bc6 21. Rg3 Qb7 22. Qh6 g6 23. f5 Bf8 24. Qh4 {1-0 (24) Zhigalko,A (2610)-Vafiadis,K (2292) Kavala 2016}) 15. Kh1 Qd7 16. f5 gxf5 17. Nd5 ({Much weaker is} 17. Qg3+ Kh8 $17) (17. exf5 {feels hotter.} e5 18. Be3 Kh8 19. Re2 d5 20. Bg5) 17... Bxd5 ({Wrong is} 17... exd5 $2 18. Rxf5 Nh5 19. Rxh5 $18) 18. Bxf6 $1 Bxf6 19. exd5 exd5 20. Rxf5 Bxb2 21. Ref1 Kh8 22. Rxd5 Qe7 23. Rxd6 Rcd8 24. Rd5 f6 25. c4 Rxd5 26. Qxd5 Qe2 {[%cal Re2f1]} 27. Qd1 Qxd1 28. Rxd1 Bxa3 29. cxb5 axb5 $15 {[%mdl 4096] Endgame KRB-KRB} 30. g3 Re8 31. Bb3 Re3 32. Bc2 Be7 33. Bf5 b4 34. Rd3 Re5 35. Bg4 Kg7 36. Kg2 f5 37. Bd1 Kf6 38. Kf3 Bc5 39. g4 fxg4+ 40. Kxg4 Re4+ 41. Kf3 Ke5 42. Kg2 Re1 43. Kf3 Rf1+ 44. Kg4 Bd4 45. Kh5 Rf7 46. Rf3 Rc7 47. Rf8 Ke4 48. Rb8 Bc3 49. h4 Bd2 50. Kg4 Kd3 51. Bb3 Rd7 52. Be6 Rd4+ 53. Kh3 {intending Bf5+.} Kc3 (53... Be1 $19 {has better winning chances.} 54. Kg2 Rxh4 55. Bf5+ Kc3 56. Rc8+ Kd2 57. Rc2+ Kd1) 54. h5 h6 55. Rb7 Rd6 56. Bf7 Rf6 57. Kg4 Bf4 58. Bd5 Bg5 59. Bf7 Rf4+ 60. Kg3 Kd2 61. Bg6 Ke3 62. Rf7 Bh4+ 63. Kh3 (63. Kg2 $17) 63... Bf6 $19 64. Rd7 b3 {[%cal Bb4b3,Bb3b2][%mdl 32]} 65. Rd3+ Kf2 {[%csl Gf6][%cal Rf4h4]} 66. Rd2+ Ke1 67. Rd7 b2 68. Rd5 Rb4 69. Bb1 Ke2 70. Kg3 Bc3 71. Rd7 Be1+ 72. Kg2 Rg4+ 73. Kh3 Rh4+ 74. Kg2 Rxh5 75. Rb7 Bc3 76. Rb6 $2 {[#]} (76. Bh7 $19) 76... Rg5+ {Black mates.} 77. Kh3 Kf3 {[%cal Rg5h5]} 78. Rxh6 Rg1 {[%cal Rg1h1]} 79. Kh2 Rxb1 80. Rh3+ Kf2 81. Rxc3 {[#]} Rh1+ $1 {[%mdl 576] Clearance, Promotion. Accuracy: White = 49%, Black = 66%.} 0-1

[Event "VI Sunway Sitges Open 2019"]
[Site "Sitges"]
[Date "2019.12.15"]
[Round "3.2"]
[White "Aroshidze, Levan"]
[Black "Sasikiran, Krishnan"]
[Result "1-0"]
[WhiteElo "2514"]
[BlackElo "2656"]
[Annotator "TA"]
[PlyCount "71"]
[EventDate "2019.12.13"]
[EventType "swiss"]
[EventCountry "ESP"]
[SourceTitle "playchess.com"]
[Source "ChessBase"]
[SourceQuality "1"]

{[%evp 12,71,25,16,29,14,21,19,18,14,35,0,0,0,0,0,0,0,0,0,0,-10,0,-21,-20,0,7,22,63,29,35,22,20,15,61,60,65,23,167,180,216,178,185,163,199,202,841,837,1081,1056,1056,1047,1237,1195,1889,1745,29989,29990,29993,1682,2424,2424]} 1. e4 c6 2. d4 d5 3. e5 Bf5 4. Nf3 e6 5. Be2 Nd7 6. O-O h6 7. Nbd2 Ne7 {B12: Caro-Kann: Advance Variation} 8. Nb3 g5 9. a4 {[%cal Ba2a4,Ba4a5][%mdl 32]} Bg7 {The position is equal.} 10. a5 O-O 11. h4 $146 ({Predecessor:} 11. c3 Qc7 12. h4 g4 13. Ne1 h5 14. Nd3 Ng6 {0-1 (47) Alekseenko,K (2668)-Artemiev,V (2757) Izhevsk 2019}) 11... g4 12. Ne1 $1 f6 13. exf6 Nxf6 14. Nd3 h5 15. Nf4 Ng6 16. Nxg6 Bxg6 17. Bg5 Qd6 18. Nc5 e5 19. Nxb7 Qe7 20. Nc5 exd4 21. Bd3 Bxd3 22. Nxd3 Qe8 23. Bxf6 Rxf6 24. Qd2 Rf5 (24... Bh6 $11 {and Black has nothing to worry.} 25. Qb4 Qe2) 25. Rae1 $18 {[%cal Ba1e1,Be1e6,Be6e7][%mdl 32]} Qf8 26. b4 Qf6 27. Qe2 Kf7 {[#]} 28. Nc5 $1 Kg6 $2 (28... Kg8 29. Qa6 Qf7) 29. Qd3 Kh7 30. Re6 Qf7 31. Rfe1 Kh8 32. Re7 Qg6 33. R1e6 Bf6 34. Nd7 Rg8 35. Rxc6 (35. Rxf6 $142 Re8 36. Rxg6 Rxe7 37. Qxf5 Re1+ {[#]} 38. Kh2 $1 {[%mdl 512]} g3+ 39. fxg3 Rh1+ 40. Kxh1 Kh7 41. Qxh5#) 35... g3 36. fxg3 {Accuracy: White = 68%, Black = 30%.} 1-0

[Event "VI Sunway Sitges Open 2019"]
[Site "Sitges"]
[Date "2019.12.15"]
[Round "3.3"]
[White "Lagarde, Maxime"]
[Black "Bjerre, Jonas Buhl"]
[Result "1-0"]
[WhiteElo "2655"]
[BlackElo "2526"]
[Annotator "TA"]
[PlyCount "61"]
[EventDate "2019.12.13"]
[EventType "swiss"]
[EventCountry "ESP"]
[SourceTitle "playchess.com"]
[Source "ChessBase"]
[SourceQuality "1"]

{[%evp 12,61,17,0,1,16,22,5,0,0,0,0,31,37,28,28,124,121,126,123,124,117,129,133,141,99,127,118,223,214,200,198,231,220,358,312,634,621,843,822,1799,1413,1808,1836,1740,1523,1426,1056,981,992,6702,5808]} 1. e4 c5 2. Nf3 d6 3. d4 cxd4 4. Nxd4 Nf6 5. Nc3 a6 6. h3 e5 7. Nb3 Be6 {B90: Sicilian Najdorf: Unusual White 6th moves, 6 Be3 Ng4 and 6 Be3 e5} 8. f4 g6 9. Be2 Nbd7 {The position is equal.} 10. g4 exf4 (10... Rc8 11. f5 Bxb3 12. axb3 Rxc3 13. bxc3 Nxe4 14. O-O Qh4 15. Bf3 gxf5 16. Bxe4 fxe4 {½-½ (53) Caruana,F (2818)-Vachier Lagrave,M (2778) Saint Louis 2019}) 11. g5 Ng8 12. Bxf4 h6 $1 13. Qd4 Rh7 $146 (13... hxg5 $11 {remains equal.} 14. Qxh8 gxf4) ({Predecessor:} 13... hxg5 14. Bd2 Rxh3 15. Rxh3 Bxh3 16. O-O-O Qf6 17. Qg1 Be6 18. Nd4 {½-½ (18) Tiemann,C (2403)-Ibragimov,V (2431) GER email 2017}) 14. O-O-O $36 {[%mdl 2048] White has strong initiative.} hxg5 15. Bxd6 Bxd6 16. Qxd6 Qb8 17. Qb4 Ne7 18. Kb1 Nc6 19. Qa3 Nce5 (19... Rh4 $16 {was called for.}) 20. Nd5 $18 Bxd5 21. exd5 ({Weaker is} 21. Rxd5 Nb6 $14) 21... Qa7 22. c4 Rc8 (22... f6 $142 23. Nd4 Qc5) 23. Rhe1 Kd8 $2 (23... f6 24. Bg4 Rxc4) 24. Bg4 {White is clearly winning.} f5 {[#]} 25. Rxe5 $1 {[%mdl 576] Decoy} Nxe5 26. Qd6+ {[%mdl 64] Double Attack} Nd7 27. Qxg6 {[%mdl 64] And now d6 would win. Double Attack} fxg4 28. Qxh7 {d6 is the strong threat.} Qe3 29. d6 {[#] Intending Qg8+ and mate.} Qe8 30. Na5 {[%cal Ra5b7]} Rb8 31. hxg4 {Accuracy: White = 91%, Black = 37%.} 1-0

[Event "VI Sunway Sitges Open 2019"]
[Site "Sitges"]
[Date "2019.12.15"]
[Round "3.4"]
[White "Kovalenko, Igor"]
[Black "Kelires, Andreas"]
[Result "0-1"]
[WhiteElo "2647"]
[BlackElo "2510"]
[Annotator "RC"]
[PlyCount "132"]
[EventDate "2019.12.13"]
[EventType "swiss"]
[EventCountry "ESP"]
[SourceTitle "playchess.com"]
[Source "ChessBase"]
[SourceQuality "1"]
[TimeControl "40/5400+30:1800+30"]

1. e4 {[%emt 0:01:11]} e5 {[%emt 0:00:00]} 2. Nf3 {[%emt 0:00:29]} Nc6 {[%emt 0:00:00]} 3. Bb5 {[%emt 0:00:03]} a6 {[%emt 0:00:00]} 4. Ba4 {[%emt 0:00:02]} Nf6 {[%emt 0:00:00]} 5. O-O {[%emt 0:00:03]} Be7 {[%emt 0:01:08]} 6. d3 {[%emt 0:01:06]} b5 {[%emt 0:00:00]} 7. Bb3 {[%emt 0:00:04]} d6 {[%emt 0:00:50]} 8. Bd2 {[%emt 0:03:08]} O-O {[%emt 0:01:32]} 9. Re1 {[%emt 0:13:33]} Bg4 {[%emt 0:14:17]} 10. c3 {[%emt 0:00:34]} Na5 {[%emt 0:00:50]} 11. Bc2 {[%emt 0:00:00]} c5 {[%emt 0:00:39]} 12. h3 {[%emt 0:00:32]} Bd7 {[%emt 0:02:44]} 13. Be3 {[%emt 0:00:00]} Qc7 {[%emt 0:01:54]} 14. Nbd2 {[%emt 0:00:00]} Rad8 {[%emt 0:09:13]} 15. Qe2 {[%emt 0:00:00]} Rfe8 {[%emt 0:13:17]} 16. Rac1 {[%emt 0:00:00]} d5 {[%emt 0:11:50]} 17. Bb1 {[%emt 0:23:43]} dxe4 {[%emt 0:02:06]} 18. dxe4 {[%emt 0:00:22]} c4 {[%emt 0:05:14]} 19. Nf1 {[%emt 0:00:31]} Nb7 {[%emt 0:01:36]} 20. b4 {[%emt 0:30:08]} cxb3 {[%emt 0:01:42]} 21. axb3 {[%emt 0:00:03]} Nc5 {[%emt 0:05:26]} 22. N1d2 {[%emt 0:00:35]} Bc6 {[%emt 0:01:02]} 23. Bxc5 {[%emt 0:00:33]} Bxc5 {[%emt 0:00:08]} 24. b4 {[%emt 0:00:01]} Bf8 {[%emt 0:04:24]} 25. Nb3 {[%emt 0:00:37]} g6 {[%emt 0:01:49]} 26. Na5 {[%emt 0:00:46]} Ba8 {[%emt 0:01:42]} 27. Qe3 {[%emt 0:00:51]} Kg7 {[%emt 0:03:11]} 28. Nb3 {[%emt 0:01:21]} h6 {[%emt 0:01:44]} 29. Re2 {[%emt 0:02:17]} Bb7 {[%emt 0:01:29]} 30. Ra2 {[%emt 0:02:02]} Bc8 {[%emt 0:02:32]} 31. Nfd2 {[%emt 0:01:21]} Qc6 {[%emt 0:03:26]} 32. Ra1 {[%emt 0:07:48]} Nh5 {[%emt 0:00:55]} 33. Nf3 {[%emt 0:00:12]} Qc7 {[%emt 0:02:37]} 34. Bd3 {[%emt 0:03:20]} Be6 {[%emt 0:03:05]} 35. Nbd2 {[%emt 0:00:19]} Qd6 {[%emt 0:01:01]} 36. Bf1 {[%emt 0:00:05]} Nf6 {[%emt 0:01:57]} 37. Rd1 {[%emt 0:07:32]} Bc8 {[%emt 0:01:03]} 38. Be2 {[%emt 0:03:01]} Qe6 {[%emt 0:00:38]} 39. Rdb1 {[%emt 0:00:26]} Bb7 {[%emt 0:01:29]} 40. c4 {[%emt 0:00:00]} bxc4 {[%emt 0:00:00]} 41. Bxc4 {[%emt 0:00:12]} Qc8 {[%emt 0:05:46]} 42. Qa7 {[%emt 0:18:37]} Rd6 {[%emt 0:08:35]} 43. Ra5 {[%emt 0:00:14]} Re7 {[%emt 0:05:02]} 44. Qe3 {[%emt 0:00:13]} Rc6 {[%emt 0:01:33]} 45. Qe2 {[%emt 0:01:38]} Nd7 {[%emt 0:05:50]} 46. Qf1 {[%emt 0:02:24]} Rb6 {[%emt 0:01:06]} 47. b5 {[%emt 0:01:32]} axb5 {[%emt 0:00:07]} 48. Bxb5 {[%emt 0:00:03]} Nf6 {[%emt 0:01:37]} 49. Bd3 {[%emt 0:01:11]} Rxb1 {[%emt 0:01:28]} 50. Qxb1 {[%emt 0:00:04]} Qc3 {[%emt 0:01:29]} 51. Rb5 {[%emt 0:01:33]} Ba6 {[%emt 0:00:35]} 52. Rb3 {[%emt 0:00:05]} Bxd3 {[%emt 0:00:04]} 53. Qxd3 {[%emt 0:00:03]} Qxd3 {[%emt 0:00:29]} 54. Rxd3 {[%emt 0:00:03]} Re6 {[%emt 0:00:35]} 55. Rb3 {[%emt 0:00:14]} Nd7 {[%emt 0:01:24]} 56. Kf1 {[%emt 0:01:02]} Kf6 {[%emt 0:00:39]} 57. Nc4 {[%emt 0:00:42]} Nc5 {[%emt 0:00:50]} 58. Re3 {[%emt 0:00:24]} Nd7 {[%emt 0:00:22]} 59. Re1 {[%emt 0:05:20]} Bc5 {[%emt 0:00:24]} 60. Rd1 {[%emt 0:00:13]} Nb6 {[%emt 0:00:52]} 61. Nb2 {[%emt 0:00:44]} Rd6 {[%emt 0:00:29]} 62. Nd3 {[%emt 0:00:19]} Nd7 {[%emt 0:01:01]} 63. Ke2 {[%emt 0:00:20]} Bb6 {[%emt 0:01:02]} 64. Rc1 {[%emt 0:00:17]} Re6 {[%emt 0:00:52]} 65. Rc8 {[%emt 0:00:35]} Kg7 {[%emt 0:00:07]} 66. Rb8 {[%emt 0:02:22]} Nxb8 {[%emt 0:00:05]} 0-1

[Event "VI Sunway Sitges Open 2019"]
[Site "Sitges"]
[Date "2019.12.15"]
[Round "3.5"]
[White "Sadhwani, Raunak"]
[Black "Donchenko, Alexander"]
[Result "0-1"]
[WhiteElo "2507"]
[BlackElo "2644"]
[Annotator "TA"]
[PlyCount "78"]
[EventDate "2019.12.13"]
[EventType "swiss"]
[EventCountry "ESP"]
[SourceTitle "playchess.com"]
[Source "ChessBase"]
[SourceQuality "1"]

{[%evp 11,96,2,18,16,18,17,29,14,15,14,13,0,3,-5,0,-7,16,22,16,9,48,37,48,36,64,67,110,92,112,84,92,79,65,0,0,0,0,-89,-93,-102,-96,-134,-134,-152,-141,-141,-168,-168,-119,-130,-141,-133,-127,-131,-100,-130,-57,-39,-48,-170,-172,-336,-331,-423,-412,-364,-201,-195,-195,-179,-187,-196,-185,-365,-365,-365,-365,-389,-389,-1268,-1259,-29966,-29966,-29966,-29966,-29950,-4634]} 1. e4 c5 2. Nf3 d6 3. d4 cxd4 4. Nxd4 Nf6 5. Nc3 a6 6. Bd3 g6 7. f3 {B90: Sicilian Najdorf: Unusual White 6th moves, 6 Be3 Ng4 and 6 Be3 e5} Qb6 (7... Bg7 8. Be3 Nc6 9. Qd2 Nxd4 10. Bxd4 Be6 11. g4 b5 12. h4 Qa5 13. a3 h6 14. O-O-O Rb8 15. g5 Nh5 16. Bxg7 Nxg7 17. gxh6 {½-½ (41) Anand,V (2779)-Navara,D (2739) Shamkir 2019}) 8. a3 Nc6 (8... Qxd4 $2 9. Bb5+ $1 {[%mdl 512]} axb5 10. Qxd4 $18) 9. Nxc6 $146 {White has an edge.} ({Predecessor:} 9. Be3 Qc7 10. Qd2 Bg7 11. O-O-O Bd7 12. g4 b5 13. g5 Nh5 14. Nd5 Qb7 {0-1 (60) Bronstein,O (2378)-Doshi,M (2229) Pardubice 2019}) 9... bxc6 10. Na4 Qc7 11. b3 Bg7 12. Bb2 O-O 13. Qe2 Nd7 14. Bxg7 Kxg7 15. Qd2 d5 16. O-O-O Qd6 17. Kb2 $1 Nf6 18. Rhe1 e5 19. Qb4 Qe6 20. Nc5 Qe7 21. exd5 $1 cxd5 22. Nxa6 ({White should try} 22. Na4 $14 Ra7 23. Qxe7 Rxe7 24. b4) 22... Qa7 $1 $11 23. Nc5 Bf5 24. Rxe5 (24. Bxf5 Rfb8 $15) (24. a4 $11 Rfc8 25. Bxf5 (25. Rxe5 Rxc5 26. Bxf5 gxf5 $15) 25... Rxc5 26. Bd3 (26. Rxe5 gxf5 27. Qd4 Rac8 $11)) 24... Rfb8 $36 {[%mdl 2048] Black is in control.} 25. Qd4 {a4 is the strong threat.} ({Wrong is} 25. Bb5 $2 Rxb5 $1 {[%mdl 512]} 26. Qxb5 Qxa3+ 27. Kc3 Ra5 $19) 25... Qxa3+ 26. Kb1 {[#]} Ra5 $1 {[%cal Ra5c5]} ({Not} 26... Bxd3 27. Nxd3 Kg8 28. Rde1 $14) 27. Rxf5 gxf5 28. Nd7 Qa2+ 29. Kc1 Qa1+ 30. Qxa1 Rxa1+ 31. Kb2 Rxd1 32. Nxb8 {[%mdl 4096] Endgame KRN-KBN} Rd2 33. b4 Kf8 (33... Rxg2 $17 34. b5 Rxh2) 34. b5 $15 {Threatens to win with b6.} Ke7 ({Much weaker is} 34... Rxg2 35. b6 $14) 35. g3 (35. Bxf5 $15 Rxg2 36. b6) 35... f4 $19 36. gxf4 $2 (36. b6 Nd7 37. Nxd7 Kxd7 38. Bxh7) 36... Rxh2 37. Nc6+ Kd6 38. Ne5 Rh4 (38... Kc5 $142 39. Kc3 h5 40. Nxf7 h4) 39. Nxf7+ Kc5 {Played: Kd6-e7} 0-1